• 首页
  • 本馆介绍
  • 公告通知
  • 最新文献
  • 馆藏检索
  • 电子资源
  • 读者导购
  • 参考咨询
  • 我的图书馆
  • 登录
  • 详细信息显示
  • 放入我的书架
  • 预约/预借图书
  • 作者相关作品
  • 分类相关作品
  • 丛书相关作品
  • 出版社相关作品

书目信息

  • 表格格式
  • 工作单格式
  • 卡片格式
题名:
化工产品手册
    
 
作者: 张军营 , 展喜兵 , 程珏 编
分册:   胶黏剂
出版信息: 北京   化学工业出版社  2016.03
页数: 658页
开本: 21cm
丛书名:
单 册:
中图分类: TQ072-62 , TQ43-62 , TQ43-62
科图分类:
主题词: 胶粘剂--手册--化学工业 , 胶粘剂--手册
电子资源:
ISBN: 978-7-122-26150-2
000 00990nam0 2200313 450
001 1413
005 20180929083226.93
010    @a978-7-122-26150-2@dCNY98.00
100    @a20160516d2016 em y0chiy50 ea
101 0  @achi
102    @aCN@b110000
105    @ay z 001yy
200 1  @a化工产品手册@9hua gong chan pin shou ce@i胶黏剂@b专著@f张军营,展喜兵,程珏编
205    @a6版
210    @a北京@c化学工业出版社@d2016.03
215    @a658页@d21cm
304    @a英文共同题名:Handbook of chemical products
330    @a本书介绍了各种胶黏齐的组成、技术性能、特点、用途、施工工艺、安全性、包装及运输、生产单位等信息。
517 1  @a胶黏剂@9jiao nian ji
606 0  @a胶粘剂@j手册@x化学工业
606 0  @a胶粘剂@j手册
690    @aTQ072-62@v5
690    @aTQ43-62@v5
690    @aTQ43-62@v4
701  0 @a张军营@9zhang jun ying@4编
701  0 @a展喜兵@9zhan xi bing@4编
701  0 @a程珏@9cheng jue@4编
801  0 @aCN@b91MARC@c20160613
905    @aMuseLib@dTQ43-62@e9=6
    
    化工产品手册.胶黏剂/张军营,展喜兵,程珏编.-6版.-北京:化学工业出版社,2016.03
    658页;21cm
    
    
    ISBN 978-7-122-26150-2:CNY98.00
    本书介绍了各种胶黏齐的组成、技术性能、特点、用途、施工工艺、安全性、包装及运输、生产单位等信息。
●
相关链接 在E读中查询图书 在五车中查询图书 在当当中查询图书 在豆瓣中查询图书


正题名:化工产品手册     索取号:TQ43-62/9=6         预约/预借

序号 登录号 条形码 馆藏地/架位号 状态 备注
1 1122556   211225565   第二样本阅览室/ [索取号:TQ43-62/9=6] 在馆    
2 1122557   211225574   第三借阅区/ [索取号:TQ43-62/9=6] 在馆    
3 1122558   211225583   第三借阅区/ [索取号:TQ43-62/9=6] 在馆    
4 1122559   211225592   第三借阅区/ [索取号:TQ43-62/9=6] 在馆    
5 1122560   211225609   化学系资料室/ [索取号:TQ43-62/9=6] 在馆    
唐山师范学院图书馆 欢迎您!
大连网信软件有限公司© 版权所有